Lord of the Rings discrepancy questions - Fellowship members - Statistics

General Stats
  • This quiz has been taken 1,713 times
  • The average score is 5 of 18
Answer Stats
Questions Answers % Correct
Which of Frodo's fingers, and from which hand, does Gollum bite off at the Crack of Doom? Ring finger, right hand
64%
Which of Frodo's fingers, and from which hand, does Gollum bite off at the Crack of Doom? Index finger, left hand
62%
Where does Aragorn use the Seeing stone (palantir) to reveal himself to Sauron? At the White Tower Hall in Minas Tirith
46%
What is the task that Gandalf gives to Pippin in Minas Tirith? To light the beacon
44%
What does Pippin offer Gimli at the ruins of Isengard, much to the dwarf's delight? His spare smoking pipe
43%
Who gives Merry the dagger with which he stabs the Witch-king of Angmar? Galadriel
42%
What does Pippin offer Gimli at the ruins of Isengard, much to the dwarf's delight? Salted pork
40%
Who gives Merry the dagger with which he stabs the Witch-king of Angmar? Tom Bombadil
36%
Sam tells Frodo, "we shouldn't even be here", referring to which place? Osgiliath
27%
Where does Aragorn use the Seeing stone (palantir) to reveal himself to Sauron? At the Hornburg
20%
What does Legolas hit the first time he uses his bow? A great wolf (warg)
18%
Sam tells Frodo, "we shouldn't even be here", referring to which place? Cirith Ungol
15%
Besides the elven cloak, what gift does Boromir receive from Galadriel? It is not shown
15%
What does Legolas hit the first time he uses his bow? The Watcher in the Water
15%
What is the score by which Gimli wins the contest over Legolas after the Battle of Helm's Deep? (both numbers required) 43 - 42
14%
Besides the elven cloak, what gift does Boromir receive from Galadriel? A golden belt
13%
What is the score by which Gimli wins the contest over Legolas after the Battle of Helm's Deep? (both numbers required) 42 - 41
8%
What is the task that Gandalf gives to Pippin in Minas Tirith? To check that Shadowfax is well taken care of
3%
No matching quizzes found
Score Distribution
Percent of People with Each Score
Percentile by Number Answered
Your Score History
You have not taken this quiz